|
|
|
|
| LEADER |
00000nam0a2200000 4500 |
| 001 |
31872 |
| 005 |
20231030204631.0 |
| 010 |
|
|
|a 5020148857
|
| 035 |
|
|
|a (RuTPU)RU\TPU\book\32167
|
| 035 |
|
|
|a BOOK00000122
|
| 090 |
|
|
|a 31872
|
| 100 |
|
|
|a 20011210d1992 k y0rusy50 ca
|
| 101 |
0 |
|
|a rus
|
| 102 |
|
|
|a RU
|
| 105 |
|
|
|a a z 000zy
|
| 200 |
1 |
|
|a Метод Фурье в вычислительной математике
|f А. И. Жуков
|
| 210 |
|
|
|a Москва
|c Наука
|d 1992
|
| 215 |
|
|
|a 174 с.
|c ил.
|
| 320 |
|
|
|a Библиогр.: с. 176.
|
| 610 |
1 |
|
|a математика
|
| 610 |
1 |
|
|a вычислительная математика
|
| 610 |
1 |
|
|a метод Фурье
|
| 610 |
1 |
|
|a преобразования
|
| 610 |
1 |
|
|a интерполяционные формулы
|
| 610 |
1 |
|
|a сглаживание
|
| 610 |
1 |
|
|a уравнения разностные
|
| 610 |
1 |
|
|a устойчивость
|
| 610 |
1 |
|
|a предельные теоремы
|
| 675 |
|
|
|a 517.44
|v 3
|
| 700 |
|
1 |
|a Жуков
|b А. И.
|g Анатолий Иванович
|
| 801 |
|
0 |
|a RU
|b 63413507
|c 20011210
|g PSBO
|
| 801 |
|
2 |
|a RU
|b 63413507
|c 20170111
|g PSBO
|
| 942 |
|
|
|c BK
|